| 000 | 00615nam a22002297a 4500 | ||
|---|---|---|---|
| 005 | 20170124110153.0 | ||
| 010 | _a612395 | ||
| 020 | _c00.00 | ||
| 035 | _a612395 | ||
| 037 | _bCen Lib/Ret | ||
| 040 |
_aDPL _bEN |
||
| 082 |
_a181.4 _bHIR |
||
| 100 |
_aHiriyanna, M. _934541 |
||
| 245 |
_aReviews / _cby M. Hiriyanna |
||
| 260 |
_aMysore _bKavyalaya publishers _c1970 |
||
| 270 | _bMysore | ||
| 300 |
_axii,291p. _c19cm(Hb) |
||
| 500 | _aIncludes bibliographical references | ||
| 650 |
_aPhilosophy _972766 |
||
| 650 |
_aVedanta _xTeaching _934543 |
||
| 942 |
_2ddc _cEN _h181.4 _mHIR |
||
| 999 |
_c132383 _d132383 |
||